00405 2200157 4500245006500000250001100065100002600076700001600102650002100118005001900139260002900158041001400187084001000201300002700211336000900238 aAkibat Lingkungan Hidup DirusakcSyafitryani RahmawatihText aCet. 1 aSyafitryani Rahmawati aDeni Sugara aLingkungan Hidup a20230302133429 aBandungbCV Amanahc2013 aIndonesia a628.5 aviii, 56 hlm. :cilus. atext